Deutsche Städte nach Gegenteilen - Statistiken

Allgemein
  • Dieses Quiz wurde 153 mal gespielt
  • Das Durchschnittsergebnis liegt bei 9 aus 25
Antwortstatistiken
Gegenteil Stadt % Korrekt
Trinken Essen
87%
Deins Mainz
82%
Fraufremd Mannheim
81%
Gefangenhütte Freiburg
79%
Hierauge Dortmund
78%
Karlasunruhe Karlsruhe
78%
Verlieren Siegen
68%
Leichtraus Schwerin
65%
Magendorf Darmstadt
52%
Sonnenhütte Regensburg
44%
Blausprich Braunschweig
42%
Mundshütte Augsburg
40%
Hengstbalkon Stuttgart
28%
Fadehütte Würzburg
22%
Mast Kiel
16%
Salathütte Hamburg
15%
Hamburgerberg Bremerhaven
11%
Verwelken Gießen
11%
Hassderhütte Magdeburg
11%
Waldtrocknen Wiesbaden
10%
Scheiterberg Wuppertal
9%
Politurock Rostock
7%
Geistwenig Leipzig
6%
Holzvon Eisenach
5%
Trödelhütte Duisburg
3%
Keine übereinstimmenden Quizze gefunden
Verteilung der Resultate
Anzahl Personen mit jedem Resultat
Perzentil nach korrekt beantworteten Fragen
Ihre Resultats-Entwicklung
Sie haben dieses Quiz noch nicht gespielt